| 000 | 01083cam a22003377a 4500 | ||
|---|---|---|---|
| 003 | CHAP | ||
| 005 | 20220329135243.0 | ||
| 008 | 971013s r 00010 d | ||
| 010 | _a33337 | ||
| 011 | _a34309 | ||
| 035 | _a38425 | ||
| 040 | _cCHAP | ||
| 090 | _aR-2986 | ||
| 100 | 0 | 0 |
_aMay, C. E. _973182 |
| 245 | 1 | 4 | _aThe inheritance of rye chromosomes in early generations of triticale x wheat hybrids |
| 500 | _aSobretiro de: Can; Genet. Cytol 24: 285-291, 1982 | ||
| 590 |
_aBATCH-UPD _b10 _c20130109 _lUCH01 _h2326 |
||
| 590 |
_aBATCH-UPD _b10 _c20130110 _lUCH01 _h2109 |
||
| 590 |
_aBATCH-UPD _b10 _c20130409 _lUCH01 _h1851 |
||
| 590 |
_aBATCH-UPD _b10 _c20130410 _lUCH01 _h1420 |
||
| 590 |
_aBATCH-UPD _b10 _c20130914 _lUCH01 _h1104 |
||
| 590 |
_aCONVERSION _b10 _c20130109 _lUCH01 _h1319 |
||
| 650 | 1 | 4 |
_aCromosomas. _929152 |
| 650 | 1 | 4 |
_aHíbridos Trigo _xCenteno. _955840 |
| 650 | 1 | 4 |
_aTrigo _xHíbridos. _9115039 |
| 650 | 1 | 4 |
_aTriticale _xHíbridos. _9115216 |
| 700 | 0 |
_aAppels, R. _96343 |
|
| 901 | _aBK | ||
| 942 | _cREIMP | ||
| 949 |
_aR-2986 _bBC _cR _d-87892 _eTS1 _i38425 _si |
||
| 999 |
_c33337 _d33337 |
||